Neural Algorithm Aided Operation of CO2 Electrolyzers

Elmentve itt :
Bibliográfiai részletek
Szerzők: Samu Angelika Anita
Horváth Dániel
Endrődi Balázs
Vidács László
Janáky Csaba
Dokumentumtípus: Cikk
Megjelent: 2025
Sorozat:ACS ENERGY LETTERS 10 No. 8
Tárgyszavak:
doi:10.1021/acsenergylett.5c01133

mtmt:36269803
Online Access:http://publicatio.bibl.u-szeged.hu/37467
LEADER 00898nab a2200253 i 4500
001 publ37467
005 20250827135249.0
008 250827s2025 hu o 000 eng d
022 |a 2380-8195 
024 7 |a 10.1021/acsenergylett.5c01133  |2 doi 
024 7 |a 36269803  |2 mtmt 
040 |a SZTE Publicatio Repozitórium  |b hun 
041 |a eng 
100 1 |a Samu Angelika Anita 
245 1 0 |a Neural Algorithm Aided Operation of CO2 Electrolyzers  |h [elektronikus dokumentum] /  |c  Samu Angelika Anita 
260 |c 2025 
300 |a 3845-3850 
490 0 |a ACS ENERGY LETTERS  |v 10 No. 8 
650 4 |a Kémiai tudományok 
700 0 1 |a Horváth Dániel  |e aut 
700 0 1 |a Endrődi Balázs  |e aut 
700 0 1 |a Vidács László  |e aut 
700 0 1 |a Janáky Csaba  |e aut 
856 4 0 |u http://publicatio.bibl.u-szeged.hu/37467/1/samu-et-al-2025-neural-algorithm-aided-operation-of-co2-electrolyzers.pdf  |z Dokumentum-elérés